| 000 | 00513nam a2200157 i 4500 | ||
|---|---|---|---|
| 001 | 83160 | ||
| 003 | ES-MaACL | ||
| 005 | 20230906174803.0 | ||
| 007 | t| | ||
| 008 | 041115s1973 sp ||||1| spa d | ||
| 245 | 0 | 0 |
_aProyecto para la realización de la encuesta de presupuestos familiares 1973-74 / _cInstituto Nacional de Estadística. |
| 260 |
_aMadrid : _b[s.n., _c1973] |
||
| 300 |
_a98 p. ; _c27 cm. |
||
| 710 | 2 |
_aInstituto Nacional de Estadística (España) _95162 |
|
| 852 |
_aES-MaACL _jC-55415 _bR.88098 |
||
| 999 |
_c83160 _d83160 |
||